The Bihar Panchayat Samitis and Zila Parishads Act, 1961 (Bihar Act of 1962) (Record no. 488553)

000 -LEADER
fixed length control field 00359cam a22001097a 4500
008 - FIXED-LENGTH DATA ELEMENTS--GENERAL INFORMATION
fixed length control field 180718b-- xxu||||| |||| 00| 0 eng d
082 ## - DEWEY DECIMAL CLASSIFICATION NUMBER
Classification number B71103x5413 A
100 ## - MAIN ENTRY--PERSONAL NAME
Personal name Bihar. Law (Legislative) Department
245 ## - TITLE STATEMENT
Title The Bihar Panchayat Samitis and Zila Parishads Act, 1961 (Bihar Act of 1962)
260 ## - PUBLICATION, DISTRIBUTION, ETC.
Place of publication, distribution, etc. Patna
Name of publisher, distributor, etc. The author
Date of publication, distribution, etc. --
500 ## - GENERAL NOTE
General note Library has 1961, 1975
Holdings
Withdrawn status Lost status Damaged status Not for loan Permanent Location Current Location Date acquired Full call number Barcode Date last seen Price effective from Koha item type
        Indian Institute of Public Administration Indian Institute of Public Administration 2018-08-04 B71103x5413 A GG17904 2018-08-04 2018-08-04 GG
        Indian Institute of Public Administration Indian Institute of Public Administration 2018-08-04 B71103x5413 A GG2701 2018-08-04 2018-08-04 GG

Powered by Koha